Normal view
MARC view
- Ramachandran K K & Karthick K K
Entry Personal Name
001 - CONTROL NUMBER
- control field: 117458
003 - CONTROL NUMBER IDENTIFIER
- control field: OSt
005 - DATE AND TIME OF LATEST TRANSACTION
- control field: 20230125045429.0
008 - FIXED-LENGTH DATA ELEMENTS
- fixed length control field: 230125|| aca||aabn | a|a d
040 ## - CATALOGING SOURCE
- Original cataloging agency: OSt
- Transcribing agency: OSt
100 ## - HEADING--PERSONAL NAME
- Personal name: Ramachandran K K & Karthick K K
670 ## - SOURCE DATA FOUND
- Source citation: Work cat.: (OSt)95259: Ramachandran K K 117457, From Campus To Corporate, 2016